| 000 | 01328nam a22002297a 4500 | ||
|---|---|---|---|
| 999 |
_c60180 _d60180 |
||
| 003 | Ge_BSU | ||
| 005 | 20230615124105.0 | ||
| 008 | 230615s2009 ge ||||| |||| 00| 0 geo d | ||
| 020 | _a9789941404702 | ||
| 041 | _ageo | ||
| 080 | _a737(038) დ-91 | ||
| 100 |
_aდუნდუა, გიორგი _918035 |
||
| 245 |
_aქართული ნუმიზმატიკური ლექსიკონი / _cგიორგი დუნდუა, ირინე ჯალაღანია; [რედ. თედო დუნდუა]; საქ. საპატრიარქოს წმ. ანდრია პირველწოდებულის სახ. ქართ. უნ-ტი. |
||
| 264 |
_aთბილისი : _b[ნეკერი], _c2009. |
||
| 300 |
_a204გვ. : _bილ. ; _c25სმ. |
||
| 500 | _aგანმარტებანი: გვ. 204. | ||
| 504 | _aბიბლიოგრ.: გვ. 190-203 | ||
| 653 | _a ნუმიზმატიკური ლექსიკონი | ||
| 700 |
_aჯალაღანია, ირინე _eავტორი _918733 |
||
| 710 |
_aაქ. საპატრიარქოს წმ. ანდრია პირველწოდებულის სახ. ქართ. უნ-ტი. _918734 |
||
| 942 |
_2udc _cBK |
||